Statistics for Not Quite A Movie Title - Tom Cruise

Click here to take the quiz!

General Stats

  • This quiz has been taken 421 times
  • The average score is 12 of 16

Answer Stats

YearImperfect TitleCorrect Title% Correct
1986Top PlaneTop Gun
100%
1996Mission: AbsurdMission: Impossible
92%
2014Edge of YesterdayEdge of Tomorrow
86%
2002Majority ReportMinority Report
81%
2005War of the PlanetsWar of the Worlds
79%
1990Days of LightningDays of Thunder
78%
1996Jacob MaguireJerry Maguire
73%
2012Jack ExtentJack Reacher
72%
2008Tropic RoarTropic Thunder
71%
1988Storm ManRain Man
67%
2022Top Gun: ExtremeTop Gun: Maverick
67%
2001Vanilla PieVanilla Sky
65%
2017The EgyptianThe Mummy
64%
2004CollateableCollateral
63%
2010Knight and DragonKnight and Day
54%
2011Ghost ContractGhost Protocol
53%

Score Distribution

Percentile by Number Answered

Percent of People with Each Score

Your Score History

You have not taken this quiz